[Event "OP-2013-0-02800"]
[Site "LSS email"]
[Date "2013.05.26"]
[Round "?"]
[White "Klawitter, Bernd"]
[Black "Zalascek, Vlado"]
[Result "0-1"]
[WhiteElo "726"]
[BlackElo "1761"]
[PlyCount "36"]
[EventDate "2013.05.22"]
[EventType "tourn (corr)"]
[EventRounds "4"]
[EventCountry "GER"]
[SourceTitle "Corr 2015"]
[Source "ChessBase"]
[SourceDate "2015.07.17"]
[SourceVersion "1"]
[SourceVersionDate "2015.07.17"]
[SourceQuality "1"]

1. e4 Nf6 2. e5 Nd5 3. d4 d6 4. c4 Nb6 5. f4 dxe5 6. fxe5 Nc6 7. c5 Qxd4 8. cxb6 Qh4+ 9. g3 Qe4+ 10. Kf2 Qxh1 11. Bg2 Qxh2 12. bxc7 Bd7 13. Bf4 e6 14. Qc1 Nb4 15. Qc4 Bc5+ 16. Be3 Bxe3+ 17. Kxe3 Qxg1+ 18. Kf4 Qf2+ 0-1

[Event "OP-2013-0-02800"]
[Site "LSS email"]
[Date "2013.05.26"]
[Round "?"]
[White "Neumann, Frank"]
[Black "Zalascek, Vlado"]
[Result "0-1"]
[WhiteElo "571"]
[BlackElo "1761"]
[PlyCount "64"]
[EventDate "2013.05.22"]
[EventType "tourn (corr)"]
[EventRounds "4"]
[EventCountry "GER"]
[SourceTitle "Telechess CBM 161"]
[Source "ChessBase"]
[SourceDate "2014.07.16"]
[SourceVersion "1"]
[SourceVersionDate "2014.07.16"]
[SourceQuality "1"]

1. b4 c6 2. Bb2 a5 3. a3 axb4 4. e3 c5 5. Nf3 Nc6 6. a4 d5 7. Be2 Nf6 8. 0-0 g6 9. c4 d4 10. exd4 cxd4 11. Qc2 e5 12. d3 Bh6 13. Nbd2 0-0 14. Rfe1 Re8 15. Nf1 e4 16. dxe4 Nxe4 17. Bd3 Nc3 18. Rxe8+ Qxe8 19. Re1 Qd8 20. Ne5 Nxe5 21. Rxe5 Bd7 22. Bxc3 Bxa4 23. Qb2 dxc3 24. Qxb4 Qxd3 25. Qxb7 Rd8 26. Re7 c2 27. Re1 Qc3 28. Qe7 Rd1 29. g3 Rxe1 30. Qd8+ Kg7 31. Qa8 Rxf1+ 32. Kxf1 Qxc4+ 0-1

[Event "OP-2012-0-02569"]
[Site "LSS email"]
[Date "2012.12.31"]
[Round "?"]
[White "Zalascek, Vlado"]
[Black "Vontina, Maria"]
[Result "1-0"]
[WhiteElo "1761"]
[BlackElo "772"]
[PlyCount "45"]
[EventDate "2012.12.28"]
[EventType "tourn (corr)"]
[EventRounds "4"]
[EventCountry "GER"]
[SourceTitle "Telechess CBM 161"]
[Source "ChessBase"]
[SourceDate "2014.07.16"]
[SourceVersion "1"]
[SourceVersionDate "2014.07.16"]
[SourceQuality "1"]

1. d4 Nf6 2. Nf3 d5 3. c4 e6 4. Nc3 Be7 5. Bf4 0-0 6. e3 c6 7. h3 Nbd7 8. c5 Re8 9. Qa4 Nf8 10. Bd3 Ng6 11. Bg3 Bd7 12. 0-0 Bf8 13. a3 Nh5 14. Bd6 Bxd6 15. cxd6 Bc8 16. Qb4 Nf6 17. a4 a6 18. a5 Rf8 19. h4 Ne8 20. h5 Nh8 21. d7 Qxd7 22. Bxh7+ Kxh7 23. Qxf8 1-0

[Event "OP-2012-0-02502"]
[Site "LSS email"]
[Date "2012.11.19"]
[Round "?"]
[White "Zalascek, Vlado"]
[Black "Guaimare Rodriguez, Carlos Luis"]
[Result "1-0"]
[WhiteElo "1753"]
[BlackElo "961"]
[PlyCount "41"]
[EventDate "2012.11.15"]
[EventType "tourn (corr)"]
[EventRounds "4"]
[EventCountry "GER"]
[SourceTitle "Telechess CBM 159"]
[Source "ChessBase"]
[SourceDate "2014.03.17"]
[SourceVersion "1"]
[SourceVersionDate "2014.03.17"]
[SourceQuality "1"]

1. d4 d5 2. c4 c6 3. cxd5 cxd5 4. Nf3 Nf6 5. Nc3 Nc6 6. Bf4 a6 7. Rc1 Bg4 8. Ne5 Bf5 9. e3 e6 10. g4 Bg6 11. h4 h6 12. Nxg6 fxg6 13. Bd3 Bd6 14. Bxg6+ Kd7 15. Bxd6 Kxd6 16. Qf3 Rf8 17. Qg3+ Kd7 18. g5 hxg5 19. hxg5 Ne8 20. Rh7 Kc8 21. Ke2 1-0

[Event "OP-2012-0-02452"]
[Site "LSS email"]
[Date "2012.10.17"]
[Round "?"]
[White "Zalascek, Vlado"]
[Black "Winter, Malcolm J"]
[Result "1-0"]
[WhiteElo "1751"]
[BlackElo "1162"]
[PlyCount "81"]
[EventDate "2012.10.12"]
[EventType "tourn (corr)"]
[EventRounds "4"]
[EventCountry "GER"]
[SourceTitle "Telechess CBM 163"]
[Source "ChessBase"]
[SourceDate "2014.11.11"]
[SourceVersion "2"]
[SourceVersionDate "2014.11.11"]
[SourceQuality "1"]

1. c4 e6 2. g3 d5 3. Nf3 Nf6 4. Bg2 Be7 5. d4 0-0 6. 0-0 Nbd7 7. Qc2 c6 8. b3 Re8 9. Nc3 b6 10. e4 dxe4 11. Nxe4 Nxe4 12. Qxe4 Bb7 13. Rd1 Bd6 14. a4 Nf6 15. Qh4 a5 16. Bf4 Ne4 17. Bxd6 Nxd6 18. Qxd8 Raxd8 19. Ne5 c5 20. dxc5 bxc5 21. Rxd6 Rxd6 22. Bxb7 Rb8 23. Be4 Rxb3 24. Nc6 Rb2 25. Nxa5 Rdd2 26. Rf1 Kf8 27. Nc6 f5 28. Bf3 Ke8 29. a5 Ra2 30. h4 Kf7 31. g4 g6 32. g5 Rdc2 33. Kg2 Ke8 34. Kg3 Rxc4 35. Rb1 Rca4 36. Rb8+ Kf7 37. h5 R2a3 38. Ne5+ Ke7 39. Rb7+ Kf8 40. h6 Re4 41. Nd7+ 1-0

[Event "OP-2012-0-02430"]
[Site "LSS email"]
[Date "2012.09.30"]
[Round "?"]
[White "Mori, Roberto"]
[Black "Zalascek, Vlado"]
[Result "0-1"]
[WhiteElo "630"]
[BlackElo "1753"]
[PlyCount "34"]
[EventDate "2012.09.27"]
[EventType "tourn (corr)"]
[EventRounds "4"]
[EventCountry "GER"]
[SourceTitle "Corr 2015"]
[Source "ChessBase"]
[SourceDate "2015.07.17"]
[SourceVersion "1"]
[SourceVersionDate "2015.07.17"]
[SourceQuality "1"]

1. e4 d5 2. d3 e6 3. e5 Nc6 4. d4 f6 5. exf6 Nxf6 6. Nf3 Bb4+ 7. c3 Bd6 8. Bb5 0-0 9. 0-0 a6 10. Bxc6 bxc6 11. h3 Rb8 12. Bg5 Rxb2 13. Ne5 Qe8 14. Re1 Ne4 15. Bf4 Rxf4 16. Nd3 Nxf2 17. Nxf2 Rfxf2 0-1

[Event "RC-2012-0-00102"]
[Site "LSS email"]
[Date "2012.08.20"]
[Round "?"]
[White "Zalascek, Vlado"]
[Black "Ustimenko, Aleksandr"]
[Result "0-1"]
[WhiteElo "1751"]
[BlackElo "1877"]
[PlyCount "128"]
[EventDate "2012.06.22"]
[EventType "tourn (corr)"]
[EventRounds "6"]
[EventCountry "GER"]
[SourceTitle "Telechess CBM 165"]
[Source "ChessBase"]
[SourceDate "2015.03.11"]
[SourceVersion "1"]
[SourceVersionDate "2015.03.11"]
[SourceQuality "1"]

1. d4 Nf6 2. Bg5 c5 3. d5 Ne4 4. Bf4 Qb6 5. Nd2 Qxb2 6. Nxe4 Qb4+ 7. c3 Qxe4 8. e3 g5 9. Bg3 Bg7 10. Rc1 h6 11. Nf3 g4 12. Nh4 Bf6 13. d6 c4 14. Be2 h5 15. 0-0 e6 16. Qd2 Bg5 17. Rb1 a6 18. a4 Nc6 19. Rfe1 Rb8 20. Rb6 Rg8 21. Rd1 Bd8 22. f3 Qh7 23. Rbb1 b5 24. axb5 axb5 25. Rf1 Na5 26. Rb4 Qg7 27. Qc2 Bb7 28. Rxb5 Be4 29. Qb2 Rxb5 30. Qxb5 gxf3 31. Bxf3 Bd3 32. Rc1 Nb3 33. Rd1 Qg5 34. Qb8 Qc5 35. Bf2 Qb6 36. Qxb6 Bxb6 37. Bxh5 Ba5 38. Nf3 Rh8 39. Bxf7+ Kxf7 40. Ne5+ Kf6 41. Nxd3 cxd3 42. Rxd3 Rc8 43. Kf1 Kf5 44. c4 Nd2+ 45. Ke2 Nxc4 46. Rd4 e5 47. e4+ Ke6 48. Rd5 Ra8 49. Bg3 Bb6 50. Kd3 Rc8 51. Rb5 Bd4 52. Be1 Nxd6 53. Ra5 Nb7 54. Ra6+ d6 55. Bb4 Rh8 56. h3 Rg8 57. Ra2 Rg3+ 58. Kc4 Bc5 59. Re2 Bxb4 60. Kxb4 Nc5 61. Kb5 Rb3+ 62. Kc4 Rd3 63. Kb5 Rd4 64. g4 Nxe4 0-1

[Event "OP-2012-0-02337"]
[Site "LSS email"]
[Date "2012.08.04"]
[Round "?"]
[White "Zalascek, Vlado"]
[Black "Willmann, Bernd"]
[Result "1/2-1/2"]
[WhiteElo "1769"]
[BlackElo "1620"]
[PlyCount "72"]
[EventDate "2012.07.31"]
[EventType "tourn (corr)"]
[EventRounds "4"]
[EventCountry "GER"]
[SourceTitle "Telechess CBM 153"]
[Source "ChessBase"]
[SourceDate "2013.03.14"]
[SourceVersion "1"]
[SourceVersionDate "2013.03.14"]
[SourceQuality "1"]

1. d4 Nf6 2. c4 e6 3. Nc3 d5 4. Nf3 c6 5. e3 c5 6. Bd3 dxc4 7. Bxc4 a6 8. a4 Nc6 9. 0-0 Be7 10. dxc5 0-0 11. Qxd8 Rxd8 12. e4 Bxc5 13. e5 Nd5 14. Bg5 Rd7 15. Ne4 Bf8 16. Rac1 Na5 17. Ba2 b6 18. Bxd5 exd5 19. Ned2 Bc5 20. Bf4 Bb7 21. Rb1 Nc6 22. Nb3 d4 23. Rfd1 Rad8 24. Ng5 Be7 25. e6 fxe6 26. Nxe6 Rc8 27. Be3 Bf6 28. Nbxd4 Nxd4 29. Nxd4 Be4 30. Nf3 Rdc7 31. Ra1 Bxb2 32. Ra2 Bf6 33. Bxb6 Rc1 34. Rad2 Rxd1+ 35. Rxd1 Bc2 36. Re1 Bxa4 1/2-1/2

[Event "OP-2012-0-02299"]
[Site "LSS email"]
[Date "2012.07.15"]
[Round "?"]
[White "Vontina, Maria"]
[Black "Zalascek, Vlado"]
[Result "0-1"]
[WhiteElo "821"]
[BlackElo "1747"]
[PlyCount "42"]
[EventDate "2012.07.12"]
[EventType "tourn (corr)"]
[EventRounds "4"]
[EventCountry "GER"]
[SourceTitle "Telechess CBM 165"]
[Source "ChessBase"]
[SourceDate "2015.03.11"]
[SourceVersion "1"]
[SourceVersionDate "2015.03.11"]
[SourceQuality "1"]

1. e4 e5 2. Nf3 Nf6 3. Nxe5 d6 4. Nf3 Nxe4 5. d4 d5 6. Bd3 Bd6 7. 0-0 0-0 8. Re1 Bf5 9. c4 c6 10. c5 Bc7 11. Nc3 Re8 12. Qc2 Na6 13. a3 Qf6 14. Be3 h6 15. Bxe4 dxe4 16. Nd2 Qe6 17. Nf1 Rad8 18. b4 Nb8 19. Rad1 Bg4 20. Ng3 Bxd1 21. Rxd1 f5 0-1

[Event "OP-2012-0-02265"]
[Site "LSS email"]
[Date "2012.06.26"]
[Round "?"]
[White "Zalascek, Vlado"]
[Black "Johanson, Frans"]
[Result "1/2-1/2"]
[WhiteElo "1769"]
[BlackElo "1800"]
[PlyCount "88"]
[EventDate "2012.06.23"]
[EventType "tourn (corr)"]
[EventRounds "4"]
[EventCountry "GER"]
[SourceTitle "Telechess CBM 153"]
[Source "ChessBase"]
[SourceDate "2013.03.14"]
[SourceVersion "1"]
[SourceVersionDate "2013.03.14"]
[SourceQuality "1"]

1. d4 Nf6 2. c4 g6 3. Nc3 Bg7 4. e4 d6 5. Nf3 0-0 6. Be2 e5 7. d5 a5 8. Qc2 Na6 9. 0-0 Nd7 10. Bg5 f6 11. Be3 Ndc5 12. a3 f5 13. b3 fxe4 14. Nd2 Bf5 15. Qb1 Qh4 16. b4 axb4 17. axb4 Nd3 18. Ncxe4 Ndxb4 19. Ra4 Bh6 20. g3 Qh3 21. Bxh6 Qxh6 22. Rxb4 Nxb4 23. Qxb4 Ra2 24. Bd1 b6 25. Qc3 Bh3 26. Re1 Bf5 27. Bb3 Raa8 28. Qb2 g5 29. Nc3 g4 30. Bd1 Rf7 31. Nf1 Raf8 32. Ne3 Bc8 33. Ne4 Qg7 34. Be2 Qg6 35. Bd3 Qh5 36. Ra1 Qh6 37. Ra7 Kh8 38. Qe2 Qg7 39. Qd2 Re7 40. Qd1 Ref7 41. Qc1 Re7 42. Qb2 Ref7 43. Be2 Qg6 44. Qc2 Qg7 1/2-1/2

[Event "OP-2012-0-02189"]
[Site "LSS email"]
[Date "2012.05.09"]
[Round "?"]
[White "Villar, Jeremias"]
[Black "Zalascek, Vlado"]
[Result "0-1"]
[WhiteElo "838"]
[BlackElo "1730"]
[PlyCount "50"]
[EventDate "2012.05.05"]
[EventType "tourn (corr)"]
[EventRounds "4"]
[EventCountry "GER"]
[SourceTitle "Telechess CBM 153"]
[Source "ChessBase"]
[SourceDate "2013.03.14"]
[SourceVersion "1"]
[SourceVersionDate "2013.03.14"]
[SourceQuality "1"]

1. d4 Nf6 2. e3 d5 3. c4 c6 4. h3 Bf5 5. Bd3 Bxd3 6. Qxd3 dxc4 7. Qxc4 Qd5 8. Qxd5 cxd5 9. Nf3 a6 10. 0-0 e6 11. a3 Bd6 12. b4 Ke7 13. Nc3 Nbd7 14. Bb2 Nb6 15. Rad1 Nc4 16. Bc1 Rhc8 17. Na4 Rc7 18. Nd2 a5 19. Nxc4 dxc4 20. Bb2 axb4 21. Nc5 bxa3 22. Ra1 Bxc5 23. dxc5 axb2 24. Rxa8 c3 25. Ra2 Rxc5 0-1

[Event "WC-2016-P-00007"]
[Site "LSS email"]
[Date "2012.02.12"]
[Round "?"]
[White "Zalascek, Vlado"]
[Black "Kroes, Friso"]
[Result "0-1"]
[WhiteElo "1753"]
[BlackElo "1681"]
[PlyCount "155"]
[EventDate "2012.02.15"]
[EventType "tourn (corr)"]
[EventRounds "12"]
[EventCountry "GER"]
[SourceTitle "Telechess CBM 159"]
[Source "ChessBase"]
[SourceDate "2014.03.17"]
[SourceVersion "1"]
[SourceVersionDate "2014.03.17"]
[SourceQuality "1"]

1. Nf3 Nf6 2. g3 g6 3. d4 Bg7 4. c4 c5 5. d5 b5 6. cxb5 a6 7. bxa6 d6 8. Bg2 Nxa6 9. Nc3 0-0 10. 0-0 Bf5 11. Nd2 Nb4 12. Nc4 Bc2 13. Qd2 Qb8 14. a3 Bb3 15. Ne3 Qb6 16. Rb1 Na2 17. Qd3 Nd7 18. Nxa2 Bxa2 19. Ra1 Bb3 20. Nd1 Bd4 21. Bg5 Ne5 22. Qe4 Nc4 23. Rc1 Nxb2 24. Nxb2 Bxb2 25. Rb1 Bd4 26. Bxe7 Rfe8 27. e3 Bg7 28. Qh4 Rxa3 29. Bf6 Qc7 30. Ra1 Rea8 31. Bd8 Qb8 32. Rxa3 Rxa3 33. Rb1 c4 34. Bf6 c3 35. Bxg7 c2 36. Rc1 Kxg7 37. Qd4+ f6 38. Bf1 Ra5 39. e4 Ra4 40. Qc3 Rxe4 41. Bd3 Re7 42. Bxc2 Bxd5 43. Bd3 Ba8 44. Rb1 Qa7 45. Bf1 Be4 46. Ra1 Qc5 47. Qxc5 dxc5 48. Ra5 Rc7 49. Bc4 Rd7 50. f4 Rd2 51. Ra7+ Kh6 52. Re7 Bf5 53. Rc7 Rc2 54. Bb3 Rc3 55. Bg8 g5 56. Kf2 g4 57. Ke2 c4 58. Kd1 Bd3 59. Be6 Ra3 60. Rd7 Ra1+ 61. Kd2 Ra2+ 62. Kc3 Rxh2 63. Rf7 Kg6 64. Rf8 h5 65. Rg8+ Kh7 66. Rf8 Rg2 67. Rxf6 Rxg3 68. Bd5 h4 69. Rf7+ Kh6 70. Rf6+ Kg7 71. Rf7+ Kg6 72. Rf8 h3 73. Rh8 Bf1+ 74. Kb4 Kg7 75. Rh5 Rb3+ 76. Ka4 g3 77. Rf5 g2 78. Rg5+ 0-1

[Event "OP-2012-0-02031"]
[Site "LSS email"]
[Date "2012.01.28"]
[Round "?"]
[White "Pils, Jan"]
[Black "Zalascek, Vlado"]
[Result "1-0"]
[WhiteElo "800"]
[BlackElo "1730"]
[PlyCount "131"]
[EventDate "2012.01.26"]
[EventType "tourn (corr)"]
[EventRounds "4"]
[EventCountry "GER"]
[SourceTitle "Telechess CBM 153"]
[Source "ChessBase"]
[SourceDate "2013.03.14"]
[SourceVersion "1"]
[SourceVersionDate "2013.03.14"]
[SourceQuality "1"]

1. e4 d5 2. exd5 Qxd5 3. Nc3 Qd6 4. d4 Nf6 5. Nf3 c6 6. Be2 g6 7. 0-0 Bg7 8. Bg5 0-0 9. Qd2 Bf5 10. Rfe1 Na6 11. Bf4 Qd8 12. Bxa6 bxa6 13. h3 Rc8 14. Re2 Re8 15. Bh6 Qd6 16. Rae1 Qb4 17. Bxg7 Kxg7 18. Ne4 Qxd2 19. Nexd2 Rc7 20. c4 h6 21. Re5 Be6 22. Kh2 Rb7 23. b3 Bc8 24. Rc5 Rb6 25. a4 Bd7 26. Re3 g5 27. Ne5 Rd8 28. Rd3 Rc8 29. Re3 Rd8 30. a5 Rb7 31. Ndf3 e6 32. Nxc6 Bxc6 33. Rxc6 g4 34. Ne5 Rxd4 35. Rxa6 gxh3 36. gxh3 Nd7 37. Nc6 Rd6 38. Nd8 Rxa6 39. Nxb7 Rc6 40. Rc3 Rc7 41. Nd6 Rc6 42. c5 Rxc5 43. Rxc5 Nxc5 44. b4 Na6 45. b5 Nc7 46. Kg3 f5 47. Kh4 Kf6 48. f4 e5 49. b6 axb6 50. axb6 Na6 51. Kg3 e4 52. b7 Ke6 53. Nb5 Kd7 54. Nd4 Kc7 55. Nxf5 h5 56. Kh4 Nc5 57. Kxh5 Kxb7 58. h4 Kc6 59. Kg4 Kd5 60. h5 Ke6 61. h6 Nd7 62. Kg5 Nf8 63. Ne3 Kf7 64. f5 Nh7+ 65. Kf4 Nf6 66. Ng4 1-0

[Event "OP-2012-0-02031"]
[Site "LSS email"]
[Date "2012.01.28"]
[Round "?"]
[White "Zalascek, Vlado"]
[Black "Tutov, Nikolay"]
[Result "1/2-1/2"]
[WhiteElo "1730"]
[BlackElo "1566"]
[PlyCount "90"]
[EventDate "2012.01.26"]
[EventType "tourn (corr)"]
[EventRounds "4"]
[EventCountry "GER"]
[SourceTitle "Telechess CBM 153"]
[Source "ChessBase"]
[SourceDate "2013.03.14"]
[SourceVersion "1"]
[SourceVersionDate "2013.03.14"]
[SourceQuality "1"]

1. e4 c5 2. Nf3 d6 3. d4 cxd4 4. Nxd4 Nf6 5. Nc3 g6 6. Be3 Bg7 7. f3 0-0 8. Qd2 Nc6 9. 0-0-0 Nxd4 10. Bxd4 Be6 11. Kb1 Rc8 12. h4 Nh5 13. Bxg7 Kxg7 14. g4 Ng3 15. Rh2 Nxf1 16. Rxf1 Qa5 17. h5 g5 18. h6+ Kh8 19. Rd1 f6 20. a3 Rc6 21. Qe3 Qc5 22. Qc1 Qe5 23. Rhd2 Rxc3 24. bxc3 Rc8 25. Qb2 Rc6 26. Rd4 Qg3 27. R1d3 Qh2 28. Ka1 Rc7 29. Qb5 Bf7 30. Kb2 Qxh6 31. Rd2 Qh3 32. Qe2 Qg3 33. Rb4 Qe5 34. Qd3 Kg7 35. Qd4 Qe6 36. c4 b6 37. Rd3 Qc8 38. Rc3 Rc6 39. Kc1 e5 40. Qd3 Qc7 41. a4 a5 42. Rb2 Bxc4 43. Qd2 h6 44. Qe3 Rc5 45. Rb1 Kf7 1/2-1/2

[Event "OP-2011-0-01976"]
[Site "LSS email"]
[Date "2012.01.01"]
[Round "?"]
[White "Zalascek, Vlado"]
[Black "Vontina, Maria"]
[Result "1-0"]
[WhiteElo "1730"]
[BlackElo "711"]
[PlyCount "47"]
[EventDate "2011.12.30"]
[EventType "tourn (corr)"]
[EventRounds "4"]
[EventCountry "GER"]
[SourceTitle "Telechess CBM 153"]
[Source "ChessBase"]
[SourceDate "2013.03.14"]
[SourceVersion "1"]
[SourceVersionDate "2013.03.14"]
[SourceQuality "1"]

1. e4 c5 2. Nf3 d6 3. d4 cxd4 4. Nxd4 Nf6 5. Nc3 g6 6. Be3 Bg7 7. f3 0-0 8. Qd2 Nc6 9. Bc4 Bd7 10. 0-0-0 Rc8 11. Bb3 Ne5 12. h4 Nc4 13. Bxc4 Rxc4 14. h5 Nxh5 15. g4 Nf6 16. Nde2 a6 17. Bh6 b5 18. Bxg7 Kxg7 19. Qh6+ Kg8 20. Nf4 e5 21. Rxd6 Qe7 22. Rxf6 Rfc8 23. Qxh7+ Kf8 24. Qh8# 1-0

[Event "OP-2011-0-01962"]
[Site "LSS email"]
[Date "2011.12.27"]
[Round "?"]
[White "Zalascek, Vlado"]
[Black "Ausan, Leo Tito Jr"]
[Result "1-0"]
[WhiteElo "1721"]
[BlackElo "1203"]
[PlyCount "65"]
[EventDate "2011.12.24"]
[EventType "tourn (corr)"]
[EventRounds "4"]
[EventCountry "GER"]
[SourceTitle "Telechess CBM 157"]
[Source "ChessBase"]
[SourceDate "2013.11.12"]
[SourceVersion "1"]
[SourceVersionDate "2013.11.12"]
[SourceQuality "1"]

1. e4 c5 2. Nf3 e6 3. d4 cxd4 4. Nxd4 a6 5. Bd3 Qc7 6. Nc3 Nc6 7. Be3 Nge7 8. Be2 g6 9. Qd2 Bg7 10. 0-0-0 0-0 11. Nxc6 Qxc6 12. Bd4 b5 13. Bxg7 Kxg7 14. h4 b4 15. Qd4+ f6 16. Qxb4 Rf7 17. h5 Qc7 18. hxg6 Qf4+ 19. Kb1 Nxg6 20. Qb6 Rb8 21. Qa7 Rb7 22. Qd4 Qb8 23. b3 d5 24. exd5 e5 25. Qe3 Bf5 26. d6 Nf4 27. Bc4 Ne6 28. g4 Bxc2+ 29. Kxc2 Nd4+ 30. Kb2 Rfd7 31. Rxh7+ Kxh7 32. Rh1+ Kg7 33. Qh6# 1-0

[Event "OP-2011-0-01864"]
[Site "LSS email"]
[Date "2011.11.07"]
[Round "?"]
[White "Bienkowski, Alejandro"]
[Black "Zalascek, Vlado"]
[Result "1-0"]
[WhiteElo "1736"]
[BlackElo "1706"]
[PlyCount "115"]
[EventDate "2011.11.04"]
[EventType "tourn (corr)"]
[EventRounds "4"]
[EventCountry "GER"]
[SourceTitle "Telechess CBM 157"]
[Source "ChessBase"]
[SourceDate "2013.11.12"]
[SourceVersion "1"]
[SourceVersionDate "2013.11.12"]
[SourceQuality "1"]

1. e4 c5 2. Nf3 e6 3. d4 cxd4 4. Nxd4 Nf6 5. Nc3 d6 6. Be3 Nc6 7. f3 Be7 8. Qd2 0-0 9. 0-0-0 a6 10. g4 Nxd4 11. Qxd4 Nd7 12. h4 Ne5 13. Be2 b5 14. Kb1 Rb8 15. f4 Nc6 16. Qd2 b4 17. Na4 Qa5 18. b3 Rd8 19. Bf3 e5 20. f5 Nd4 21. Bxd4 exd4 22. g5 Bd7 23. Nb2 Qc5 24. f6 Bf8 25. Qxd4 Qxd4 26. Rxd4 Bc6 27. Rc1 Re8 28. Nd3 a5 29. c3 bxc3 30. Rxc3 Bb7 31. Nf4 gxf6 32. gxf6 Bh6 33. Nd5 Bxd5 34. Rxd5 a4 35. Rxd6 axb3 36. Rxb3 Rxb3+ 37. axb3 Re6 38. Rxe6 fxe6 39. Bh5 Bd2 40. Kc2 Be1 41. Kd3 Bxh4 42. f7+ Kf8 43. b4 Bg3 44. Kc4 Ke7 45. Kb5 Bd6 46. Ka5 Kf8 47. b5 Ke7 48. b6 Kd7 49. Ka6 Ke7 50. Kb7 Kf6 51. Kc6 Be7 52. b7 Ke5 53. b8Q+ Kxe4 54. f8Q Bxf8 55. Qxf8 Ke3 56. Kc5 e5 57. Kc4 Kd2 58. Qf2+ 1-0

[Event "CP-2011-P-00030"]
[Site "LSS email"]
[Date "2011.09.30"]
[Round "?"]
[White "Baroin, Bernard"]
[Black "Zalascek, Vlado"]
[Result "1-0"]
[WhiteElo "2124"]
[BlackElo "1747"]
[PlyCount "109"]
[EventDate "2011.10.01"]
[EventType "tourn (corr)"]
[EventRounds "6"]
[EventCountry "GER"]
[SourceTitle "Telechess CBM 165"]
[Source "ChessBase"]
[SourceDate "2015.03.11"]
[SourceVersion "1"]
[SourceVersionDate "2015.03.11"]
[SourceQuality "1"]

1. e4 c6 2. Nc3 d5 3. d4 dxe4 4. Nxe4 Bf5 5. Ng3 Bg6 6. Nf3 Nd7 7. Bd3 e6 8. 0-0 Ngf6 9. Bg5 Bd6 10. c4 Bxd3 11. Qxd3 h6 12. Bd2 0-0 13. Rfe1 Qc7 14. Rad1 b5 15. c5 Be7 16. Ne2 Nd5 17. Qe4 N7f6 18. Qh4 Rfd8 19. Nc1 a5 20. Nd3 Nd7 21. Qg4 N7f6 22. Qh3 Nd7 23. Re4 N7f6 24. Re2 Nd7 25. Rde1 a4 26. Re4 h5 27. a3 Rf8 28. Qxh5 N5f6 29. Qh3 Nxe4 30. Rxe4 Qd8 31. Rg4 Bf6 32. Bg5 Re8 33. Rh4 g6 34. Nfe5 Nxe5 35. dxe5 Qxd3 36. Qxd3 Bxg5 37. Rd4 Red8 38. Rd6 Be7 39. Qe4 Bxd6 40. exd6 Rdc8 41. Kf1 Ra7 42. Ke2 Rd7 43. Ke3 Kg7 44. Qe5+ Kh6 45. h4 Ra7 46. Qg5+ Kh7 47. h5 gxh5 48. Qxh5+ Kg7 49. Qg4+ Kh8 50. f4 Rg8 51. Qf3 Rc8 52. f5 exf5 53. Qxf5 Re8+ 54. Kd4 Re6 55. Qf3 1-0

[Event "CP-2011-P-00030"]
[Site "LSS email"]
[Date "2011.09.30"]
[Round "?"]
[White "Bartsch, Christian"]
[Black "Zalascek, Vlado"]
[Result "0-1"]
[WhiteElo "1871"]
[BlackElo "1747"]
[PlyCount "118"]
[EventDate "2011.10.01"]
[EventType "tourn (corr)"]
[EventRounds "6"]
[EventCountry "GER"]
[SourceTitle "Telechess CBM 165"]
[Source "ChessBase"]
[SourceDate "2015.03.11"]
[SourceVersion "1"]
[SourceVersionDate "2015.03.11"]
[SourceQuality "1"]

1. e4 e5 2. Nf3 Nf6 3. Nc3 Nc6 4. Bb5 Bb4 5. 0-0 0-0 6. d3 d6 7. Bg5 Bxc3 8. bxc3 Qe7 9. Re1 Nd8 10. d4 Bg4 11. h3 Bh5 12. Bh4 Ne6 13. g4 Bg6 14. dxe5 dxe5 15. Nxe5 Qc5 16. Nxg6 hxg6 17. Rb1 g5 18. Bg3 Qxc3 19. Bd3 b6 20. e5 Nd7 21. Qf3 Qa5 22. Qe4 g6 23. Bc4 Ndc5 24. Qf3 Rad8 25. c3 Rd2 26. Rbd1 Rfd8 27. Rxd2 Rxd2 28. Kh2 Qa4 29. Bd5 Qc2 30. Re3 Qb2 31. c4 c6 32. Rb3 Qc1 33. Bxe6 Nxe6 34. Qxc6 Qf1 35. Qh1 Qxc4 36. Ra3 Nf4 37. Rf3 Qc2 38. Bxf4 Rxf2+ 39. Kg3 gxf4+ 40. Rxf4 Rxf4 41. Kxf4 Qxa2 42. Qd1 Qh2+ 43. Ke4 Qxh3 44. e6 Qg2+ 45. Ke3 Qg3+ 46. Ke4 Qc7 47. exf7+ Kxf7 48. Qd5+ Kg7 49. Qd4+ Kh6 50. Kf3 a5 51. Qd5 Qc3+ 52. Ke2 Qb2+ 53. Kf3 Qf6+ 54. Ke2 Qf4 55. Qh1+ Kg5 56. Qd5+ Kxg4 57. Qd7+ Kh4 58. Qd8+ g5 59. Qxb6 a4 0-1